| 000 | 00765nam a2200241 a 4500 | ||
|---|---|---|---|
| 001 | 48754 | ||
| 003 | BD-RjUL | ||
| 005 | 20211209054559.0 | ||
| 008 | 160816s1964 ben||||| |||| 00| 0 eng d | ||
| 020 | _c :Tk.2.25 | ||
| 035 | _a(BD-RjUL)48873 | ||
| 040 |
_aBD-RjUL _bben _cBD-RjUL |
||
| 041 | _aben | ||
| 082 |
_223 _a891.442 _bHAF 1964 |
||
| 100 | 1 |
_aহক, আবদুল _9147075 |
|
| 245 | 1 | 0 |
_aফেরদৌসী / _c আবদুল হক. |
| 250 | _a১ম সং. | ||
| 260 |
_aঢাকা : _b বাংলা একাডেমী, _c১৯৬৪. |
||
| 300 |
_a১০২ পৃ ; _c২২সেমি |
||
| 650 |
_aবাংলা সাহিত্য _vনাটক _9147076 |
||
| 650 |
_aBangali Literature _vDrama _9147077 |
||
| 942 |
_2ddc _cBK |
||
| 999 |
_c48754 _d48754 |
||